Escritos sobre materialismo histórico

שמור ב:
מידע ביבליוגרפי
מחבר ראשי: Marx, Karl Heinrich (autor)
פורמט: ספר
שפה:ספרדית
יצא לאור: Madrid Alianza 2012
מהדורה:1a. ed
סדרה:El Libro de Bolsillo, 22
נושאים:
תגים: הוספת תג
אין תגיות, היה/י הראשונ/ה לתייג את הרשומה!

MARC

LEADER 00000cam a2200000 a 4500
001 UCE8875
003 CL-VaPUC
005 20220118074208.0
008 150911e20120000sp |||||||||||||||||spa|d
999 |c 360638  |d 360636 
020 |a 9788420671512 
040 |c Pontificia Universidad Católica de Valparaíso 
082 0 4 |a 335  |b MAR  |2 21 
100 |a Marx, Karl Heinrich  |e autor  |9 863668 
245 1 0 |a Escritos sobre materialismo histórico 
250 |a 1a. ed 
260 |a Madrid  |b Alianza  |c 2012 
300 |a 264 p 
490 0 |a El Libro de Bolsillo, 22 
583 |a last modification  |c 20150911 12:29:00  |k Rodrigo Vera 
650 7 |a MATERIALISMO HISTORICO  |2 CL-VaPUC  |9 257920 
650 0 |a Propiedad privada  |9 257919 
942 |c BK  |2 ddc 
945 |d 20150911 12:29:00  |a dcastane 
952 |0 0  |1 0  |3 erb  |4 0  |6 335_000000000000000_MAR_2012  |7 0  |8 A  |9 470522  |a BIBEDU  |b BIBEDU  |i 5197791  |o 335 MAR 2012  |p 5197791  |r 2019-11-23  |w 2019-11-23  |y BK  |z Catalogado en:20150911  |k FIL